Fundamentals of data structures in C++ (Record no. 4306)
[ view plain ]
| 000 -LEADER | |
|---|---|
| fixed length control field | 00464 a2200157 4500 |
| 020 ## - INTERNATIONAL STANDARD BOOK NUMBER | |
| International Standard Book Number | 0716782928 |
| 082 ## - DEWEY DECIMAL CLASSIFICATION NUMBER | |
| Classification number | 007.73 |
| 090 ## - LOCALLY ASSIGNED LC-TYPE CALL NUMBER (OCLC); LOCAL CALL NUMBER (RLIN) | |
| -- | 312 |
| -- | 312 |
| 100 ## - MAIN ENTRY--PERSONAL NAME | |
| Personal name | Ellis Horowitz |
| 245 ## - TITLE STATEMENT | |
| Title | Fundamentals of data structures in C++ |
| Statement of responsibility, etc. | Horowitz, Ellis |
| 260 ## - PUBLICATION, DISTRIBUTION, ETC. | |
| Place of publication, distribution, etc. | New York |
| Name of publisher, distributor, etc. | Computer science press |
| Date of publication, distribution, etc. | 1995 |
| 300 ## - PHYSICAL DESCRIPTION | |
| Extent | xx, 653 p. |
| Other physical details | ill. |
| Dimensions | 24 cm. |
| 500 ## - GENERAL NOTE | |
| General note | Includes index |
| 650 ## - SUBJECT ADDED ENTRY--TOPICAL TERM | |
| Topical term or geographic name entry element | C++ (computer program) 2. data structures (computer science) |
| 942 ## - ADDED ENTRY ELEMENTS (KOHA) | |
| Koha item type | Book |
| Call number prefix | 005.73 HOR |
| Withdrawn status | Lost status | Damaged status | Not for loan | Collection code | Permanent Location | Current Location | Shelving location | Date acquired | Source of acquisition | Total Checkouts | Full call number | Barcode | Date last seen | Date last checked out | Price effective from | Koha item type | Total Renewals |
|---|---|---|---|---|---|---|---|---|---|---|---|---|---|---|---|---|---|
| Central Library (CL) | Central Library (CL) | First Floor - Operating System/ Data Structure | 08/30/2001 | Donation | 1 | 005.73 HOR | SEECS001252 | 03/24/2014 | 02/24/2014 | 01/05/2017 | Book | ||||||
| Central Library (CL) | Central Library (CL) | First Floor - Operating System/ Data Structure | 11/08/2000 | 1 | 005.73 HOR | SEECS000524 | 06/25/2023 | 06/24/2023 | 01/05/2017 | Book | |||||||
| Central Library (CL) | Central Library (CL) | First Floor - Operating System/ Data Structure | 09/10/2001 | Donation | 005.73 HOR | SEECS001348 | 11/14/2012 | 01/05/2017 | Book | ||||||||
| Central Library (CL) | Central Library (CL) | First Floor - Operating System/ Data Structure | 02/18/2009 | Donation | 1 | 005.73 HOR | SEECSD00259 | 06/11/2022 | 09/06/2014 | 01/05/2017 | Book | 3 |
